Statistics for Cyrillic Alphabet Tile Select Quiz

Click here to take the quiz!

General Stats

  • This quiz has been taken 76 times
  • The average score is 62 of 80

Answer Stats

QuestionTileSelect% Correct
Alphabets that makes no soundЗNo
96%
Alphabets that makes no soundХNo
94%
Alphabets that makes no soundСNo
94%
Alphabets that makes no soundКNo
94%
Alphabets that makes no soundЛNo
94%
Alphabets that makes no soundМNo
94%
Alphabets that makes no soundГNo
94%
Alphabets that makes no soundВNo
94%
Alphabets that makes no soundЩNo
92%
VowelsЗNo
90%
Alphabets that makes no soundЮNo
90%
ConsonantsАNo
90%
VowelsКNo
88%
ConsonantsЖYes
88%
Alphabets that makes no soundЖNo
88%
VowelsФNo
88%
VowelsМNo
88%
VowelsЖNo
88%
ConsonantsЕNo
88%
Alphabets that makes no soundЁNo
88%
VowelsГNo
88%
VowelsСNo
88%
VowelsБNo
87%
VowelsЧNo
87%
VowelsЦNo
87%
VowelsВNo
87%
VowelsХNo
87%
ConsonantsЩYes
87%
Alphabets that makes no soundЪYes
85%
Alphabets that makes no soundЙNo
85%
Alphabets that makes no soundЬYes
85%
Alphabets that makes no soundБNo
85%
ConsonantsРYes
83%
VowelsЁYes
83%
ConsonantsГYes
83%
ConsonantsВYes
83%
ConsonantsЁNo
83%
ConsonantsЭNo
81%
VowelsОYes
81%
VowelsАYes
81%
ConsonantsЫNo
81%
ConsonantsДYes
81%
ConsonantsПYes
81%
ConsonantsЛYes
81%
Alphabets that it's name is just itselfЙNo
79%
ConsonantsЯNo
77%
AlphabetsШYes
75%
Alphabets that it's name is just itselfАYes
75%
ConsonantsЗYes
75%
AlphabetsДYes
73%
ConsonantsЮNo
73%
AlphabetsТYes
73%
AlphabetsКYes
73%
Alphabets that it's name is just itselfЗNo
73%
AlphabetsСYes
71%
AlphabetsХYes
71%
AlphabetsФYes
71%
AlphabetsГYes
71%
AlphabetsБYes
71%
AlphabetsУYes
71%
Alphabets that it's name is just itselfФNo
69%
AlphabetsЗYes
69%
AlphabetsЯYes
69%
AlphabetsЙYes
67%
Alphabets that it's name is just itselfСNo
65%
Alphabets that it's name is just itselfНNo
65%
Alphabets that it's name is just itselfДNo
63%
AlphabetsЪYes
63%
AlphabetsЭYes
63%
AlphabetsЁYes
63%
Alphabets that it's name is just itselfЕYes
62%
VowelsЙYes
58%
Alphabets that it's name is just itselfТNo
52%
Alphabets that it's name is just itselfМNo
52%
Alphabets that it's name is just itselfУYes
50%
Alphabets that it's name is just itselfИYes
50%
Alphabets that it's name is just itselfКNo
50%
Alphabets that it's name is just itselfЯYes
44%
Alphabets that it's name is just itselfЮYes
38%
Alphabets that it's name is just itselfЫYes
25%

Score Distribution

Percentile by Number Answered

Percent of People with Each Score

Your Score History

You have not taken this quiz